Riconosci tutti gli Stati dal satellite - Statistics

Statistiche generali
  • Questo quiz è stato fatto 9 volte
  • Il punteggio medio è 72 su 194
Statistiche sulle risposte
con Immagini Risposta % Corretto
Argentina
100%
Spagna
100%
Arabia Saudita
67%
Brasile
67%
Canada
67%
Cile
67%
Città del Vaticano
67%
Colombia
67%
Egitto
67%
Filippine
67%
Francia
67%
Grecia
67%
India
67%
Irlanda
67%
Islanda
67%
Italia
67%
Madagascar
67%
Messico
67%
Nuova Zelanda
67%
Panama
67%
Regno Unito
67%
Russia
67%
Somalia
67%
Sri Lanka
67%
Stati Uniti d'America
67%
Sudafrica
67%
Svezia
67%
Algeria
50%
Australia
50%
Birmania
50%
Cina
50%
Cipro
50%
Costa Rica
50%
Croazia
50%
Cuba
50%
Etiopia
50%
Finlandia
50%
Giamaica
50%
Giappone
50%
Indonesia
50%
Iran
50%
Marocco
50%
Monaco
50%
Norvegia
50%
Perù
50%
Portogallo
50%
Qatar
50%
Trinidad e Tobago
50%
Turchia
50%
Yemen
50%
Afghanistan
33%
Albania
33%
Antigua e Barbuda
33%
Austria
33%
Bahamas
33%
Bahrein
33%
Bangladesh
33%
Barbados
33%
Belgio
33%
Benin
33%
Bhutan
33%
Bolivia
33%
Bosnia ed Erzegovina
33%
Brunei
33%
Bulgaria
33%
Burkina Faso
33%
Camerun
33%
Capo Verde
33%
Ciad
33%
Corea del Nord
33%
Corea del Sud
33%
Costa d'Avorio
33%
Danimarca
33%
Dominica
33%
Ecuador
33%
Emirati Arabi Uniti
33%
Eritrea
33%
Estonia
33%
Figi
33%
Gambia
33%
Georgia
33%
Germania
33%
Gibuti
33%
Giordania
33%
Guatemala
33%
Guinea Equatoriale
33%
Guyana
33%
Haiti
33%
Honduras
33%
Iraq
33%
Isole Marshall
33%
Isole Salomone
33%
Israele
33%
Kazakistan
33%
Kenya
33%
Kirghizistan
33%
Kiribati
33%
Kuwait
33%
Laos
33%
Lesotho
33%
Lettonia
33%
Libano
33%
Libia
33%
Liechtenstein
33%
Lituania
33%
Malawi
33%
Malaysia
33%
Mali
33%
Malta
33%
Mauritania
33%
Mauritius
33%
Mongolia
33%
Montenegro
33%
Mozambico
33%
Namibia
33%
Nauru
33%
Nepal
33%
Nicaragua
33%
Nigeria
33%
Oman
33%
Paesi Bassi
33%
Pakistan
33%
Palau
33%
Papua Nuova Guinea
33%
Polonia
33%
Repubblica Ceca
33%
Repubblica Centrafricana
33%
Repubblica Dominicana
33%
Saint Kitts e Nevis
33%
Saint Lucia
33%
Saint Vincent e Grenadine
33%
Samoa
33%
San Marino
33%
São Tomé e Príncipe
33%
Senegal
33%
Seychelles
33%
Sierra Leone
33%
Singapore
33%
Siria
33%
Slovenia
33%
Stati federati di Micronesia
33%
Sudan
33%
Suriname
33%
Svizzera
33%
Tanzania
33%
Thailandia
33%
Timor Est
33%
Togo
33%
Tonga
33%
Tunisia
33%
Turkmenistan
33%
Tuvalu
33%
Ucraina
33%
Ungheria
33%
Uruguay
33%
Uzbekistan
33%
Vanuatu
33%
Venezuela
33%
Vietnam
33%
Zambia
33%
Andorra
17%
Angola
17%
Armenia
17%
Azerbaigian
17%
Belize
17%
Bielorussia
17%
Botswana
17%
Burundi
17%
Comore
17%
El Salvador
17%
eSwatini
17%
Gabon
17%
Ghana
17%
Grenada
17%
Guinea
17%
Guinea Bissau
17%
Liberia
17%
Lussemburgo
17%
Macedonia del Nord
17%
Maldive
17%
Moldavia
17%
Niger
17%
Paraguay
17%
Repubblica del Congo
17%
Repubblica Democratica del Congo
17%
Romania
17%
Ruanda
17%
Serbia
17%
Slovacchia
17%
Sudan del Sud
17%
Tagikistan
17%
Uganda
17%
Cambogia
0%
Zimbabwe
0%
Nessun quiz corrispondente trovato
Distribuzione punteggi
Percentuale di utenti per punteggio
Percentile per numero di risposta
I tuoi punteggi nel tempo
Non hai fatto questo quiz